000 00586nam a2200205 a 4500
005 20140310183216.0
008 030620s19uu xx 00 eng d
020 _a0471160784
050 _aHD 62.5
_b.B94 1997
100 _aBygrave, William D.
245 _aThe Portable MBA in Entreprenuership /
_cWilliam D. Bygrave.
250 _aSecond
260 _aNew York :
_bJohn Wiley & Sons,
_c1997.
300 _a510 p. :
_bill. ;
_c26 cm.
521 _aBSBA
650 _aNew business enterprises
650 _aSmall business
_xmanagement
942 _cBK
_2lcc
_kFOR
999 _c20246
_d20246